Riziková analýza investičných projektov financovaných z prostriedkov finančnej pomoci Európskej únie bakalárska práca

Na minha lista:
Detalhes bibliográficos
Autor principal: Valo, Ivana
Autor Corporativo: Národohospodárska fakulta EU. Katedra financií
Outros Autores: Čiernik, Anton
Formato: Livro
Idioma:eslovaco
Publicado em: Bratislava 2011
Tags: Adicionar Tag
Sem tags, seja o primeiro a adicionar uma tag!

MARC

LEADER 00000nam a2200000 4500
001 0152723
005 20240320072147.9
041 0 |a slo 
044 |a SK 
245 1 0 |a Riziková analýza investičných projektov financovaných z prostriedkov finančnej pomoci Európskej únie  |b bakalárska práca  |c Ivana Valo ; školiteľ: Anton Čiernik 
264 1 |a Bratislava  |c 2011 
300 |a 36 s. 
100 1 |a Valo, Ivana 
700 1 |a Čiernik, Anton 
710 2 |a Národohospodárska fakulta EU. Katedra financií